000 00831nam a22002537a 4500
003 DO-SdBNP
005 20210917094606.0
007 ta
008 210917b 2017 dr a 00| 0 eng d
020 _a9789945600872
040 _aDO-SdBNP
_bspa
_cBNPHU
082 4 _aBNPHU
_bC614P
100 1 _aClase, Pablo,
_d1953-
_qHijo
_979931
245 1 _aPorfirio Rubirosa :
_bel primer playboy del mundo /
_cPablo Clase hijo ; prólogo Pedro René Contín Aybar
250 _a8a ed. revisada y ampliada
260 _aSanto Domingo :
_bSantuario,
_c2017.
300 _a240 p. :
_bil. ;
_c23 cm.
500 _aIncluye datos biográficos del autor en las solapas
504 _aBibliografía : p. 237-240
590 _aInventariado, 2021/BT
700 1 _aContín Aybar, Pedro René,
_epról.
_923772
910 _aBtavárez
942 _2ddc
_cLBS1
999 _c50553
_d50553